Statistics for Switzerland A-Z

Click here to take the quiz!

General Stats

  • This quiz has been taken 16,193 times
    (16,186 since last reset)
  • The average score is 16 of 26

Answer Stats

ClueAnswer% Correct
AMajor mountain rangeAlps
98%
BCapital cityBern
98%
NSwitzerland's position in WWIINeutral
94%
ZMost populous cityZurich
93%
WRolex and TAG Heuer produce theseWatches
90%
GFrench-speaking city and
namesake for a lake
Geneva
88%
IAn official languageItalian
81%
QValuable stone used to make WQuartz
78%
YMulti-pitched singing formYodel
75%
FBread dunked in molten cheeseFondue
74%
CSubdivision of SwitzerlandCanton
73%
OSporting event headquartered
in Switzerland
Olympics
72%
RHumanitarian organization founded
in 1863 (two words)
Red Cross
72%
TArcher who shot an apple: William ____Tell
71%
MMost famous mountain in AMatterhorn
70%
HGoat-herding girlHeidi
60%
S"Switzerland" in GermanSchweiz
53%
DSki resort and
World Economic Forum site
Davos
49%
LOnly Swiss city with a subway trainLausanne
46%
JIrish writer who died in ZJoyce
42%
UMost important bank (initials)UBS
41%
XLast name of footballer GranitXhaka
28%
EScientist LeonhardEuler
25%
KExpressionist painter: Paul ____Klee
24%
VL is the capital city of this subdivisionVaud
20%
PScientific family of Auguste and JacquesPiccard
11%

Score Distribution

Percentile by Number Answered

Percent of People with Each Score

Your Score History

You have not taken this quiz since the last reset